00686 a2200289 4500260001000000630002300010650003900033100002200072440000700094260001200101245006200113300001100175650001200186650001200198650001400210650001400224650002100238260000900259300001000268100000700278037001000285037001000295037001000305440004100315250002200356020001800378 aParis a51 - Mathematiques a5 - SCIENCES EXACTES ET NATURELLES aSchwartz, Laurent n11 bHermann aAnalyse : topologie générale et analyse fonctionnelle a436 p. aAnalyse aEspaces aTopologie aFonctions aHoméomorphisme c1970 b24 cm lFr aS4339 aS4338 aS4340 aCollection enseignement des sciences a2ème éd. rev. a2-7056-5900-5